000 01750na a2200433 4500
001 19720
003 MIRAKIL
005 20181213155132.0
008 161226b tu 000 0
035 _a19720
040 _aMilas
_btur
_cTR-AnCHP
041 _atur
082 _aCHP 324.2372
_bK44y 2015
090 _aBROŞÜR 161
100 _aKılıçdaroğlu, Kemal
_cCHP Genel Başkanı
240 _aYaşanacak bir Türkiye
_f2015
245 _aYaşanacak bir Türkiye
_bsporla ilgili sorunları sıfırlıyoruz
_c[Kemal Kılıçdaroğlu]
246 _aSporla ilgili sorunları sıfırlıyoruz
260 _aAnkara
_bCHP
_c2015
300 _aktl. broşür
_brnkl. fotg.
_c20 sm.
440 _aCumhuriyet Halk Partisi yayınları
_pYaşanacak bir Türkiye dizisi
500 _aBaşka yapıt adı: Gelin oy verin sıfırlayalım
600 _aKılıçdaroğlu, Kemal
_xPropaganda ve ideolojiler
_ySpor politikası
_yTürkiye Spor Koneyi
600 _aKılıçdaroğlu, Kemal
_cCHP Genel Başkanı
_xSeçim kampanyaları, 2015
_ySporcular
610 _aCHP
_xSpor sorunu
_yÇözüm önerileri
610 _aCHP
_xSeçim kampanyaları, 2015
_ySpor politikası
_yTürkiye Spor Koneyi
610 _aCHP
_xPropaganda ve ideolojiler
_yKılıçdaroğlu dönemi
_yGenel seçimler, 2015
651 _aTürkiye
_xSiyaset ve yönetim
_y2015-
657 _aCHP spor politikası
657 _aYaşanacak bir Türkiye kampanyası
657 _aCHP seçim propagandaları
657 _aCHP seçim kampanyaları
657 _aGelin oy verin sıfırlayalım kampanyası
740 _aSporla ilgili sorunları sıfırlıyoruz
830 _aYaşanacak bir Türkiye dizisi
830 _aCHP broşürleri
942 _2ddc
_cBKS
999 _c7252
_d7252